आशा (Record no. 44264)

MARC details
000 -LEADER
fixed length control field 00423nam a2200169Ia 4500
008 - FIXED-LENGTH DATA ELEMENTS--GENERAL INFORMATION
fixed length control field 090123s9999 xx 000 0 und d
082 ## - DEWEY DECIMAL CLASSIFICATION NUMBER
Item number 6200
Classification number 891.463/फडके
100 ## - MAIN ENTRY--PERSONAL NAME
Personal name फडके ना. सी.
245 ## - TITLE STATEMENT
Title आशा
250 ## - EDITION STATEMENT
Edition statement 4
300 ## - PHYSICAL DESCRIPTION
Extent 252
600 ## - SUBJECT ADDED ENTRY--PERSONAL NAME
Personal name फडके ना. सी.
630 ## - SUBJECT ADDED ENTRY--UNIFORM TITLE
Uniform title आशा
700 ## - ADDED ENTRY--PERSONAL NAME
Personal name फडके ना. सी.
730 ## - ADDED ENTRY--UNIFORM TITLE
Uniform title आशा
942 ## - ADDED ENTRY ELEMENTS (KOHA)
Koha item type Book
Holdings
Withdrawn status Lost status Damaged status Not for loan Home library Current library Date acquired Cost, normal purchase price Total Checkouts Full call number Barcode Date last seen Cost, replacement price Price effective from Koha item type
      Added to bundle Jawahar Wachalanalaya, Kalwa Jawahar Wachalanalaya, Kalwa 03/31/2003 12.00   6200 KLW-6200 01/23/2009 12.00 01/23/2009 Book